Cantus ecclesiasticus Passionis D. N. Jesu Christi secundum Matthaeum, Marcum, Lucam et Joanem editus sub auspiciis sanctissimi Domini Nostri Pii Papae IX, curante Sacrorum Rituum Congregatione

Detalles Bibliográficos
Autor Corporativo: Iglesia Católica
Formato: Libro
Lenguaje:Latin
Publicado: Ratisbonae ; Romae ; Neo Eboraci et Cincinnatii : sumptibus, chartis et typis Friderici Pustet, S. Sedis Apostolicae et Sacr. Rituum Congreg. typographi, 1877.
Materias:
Colección:Banco de datos
Acervo:Seminario Conciliar de Nuestra Señora de Guadalupe Querétaro. Qro.. Biblioteca Florencio Rosas. Fondo Histórico
Descripción Física:3 t. ; 36 cm.
Tema general:Liturgia
Música sacra
Cantoral
Notas:Texto con marco y signaturas. Cada tomo con portada y paginación propios. Los t. 1-3 publicados en 1877. Paginación: t. 1 [2] h., 59 p.; t. 2 [2] h., 48 p., t. 3 [2] h., 39 p. Encuadernación en piel estilo romántico (16037-16039)
LEADER 01362nam a22002170004500
035 |a 7522 
041 0 |a lat 
110 1 |a Iglesia Católica 
245 1 0 |a Cantus ecclesiasticus Passionis D. N. Jesu Christi secundum Matthaeum, Marcum, Lucam et Joanem editus sub auspiciis sanctissimi Domini Nostri Pii Papae IX, curante Sacrorum Rituum Congregatione 
260 |a Ratisbonae ; Romae ; Neo Eboraci et Cincinnatii : sumptibus, chartis et typis Friderici Pustet, S. Sedis Apostolicae et Sacr. Rituum Congreg. typographi, 1877. 
300 |a 3 t. ; 36 cm. 
500 |a Texto con marco y signaturas. Cada tomo con portada y paginación propios. Los t. 1-3 publicados en 1877. Paginación: t. 1 [2] h., 59 p.; t. 2 [2] h., 48 p., t. 3 [2] h., 39 p. Encuadernación en piel estilo romántico (16037-16039) 
504 |a Incluye índice de contenido  
505 0 0 |a t. 1 Fasciculus I. Chronista.-- t. 2 Fasc. II. Continet verba Christi necnon Lamentationes tridui sacri.-- t. 3 Fasc. III. Continet verba Synagogae necnon praeconium paschale sabbati sancti 
650 1 0 |a Liturgia 
650 1 0 |a Música sacra 
650 1 0 |a Cantoral 
949 |a Fondo Histórico: t. 1 (16037); t. 2 (16038); t. 3 (16039) 
942 |c Q.R.H.T 
943 |g Seminario Conciliar de Nuestra Señora de Guadalupe Querétaro. Qro.. Biblioteca Florencio Rosas. Fondo Histórico 
999 |c 1088977  |d 1088977